000 00329nam a2200157Ia 4500
100 _aWilliam Feller
490 _v2
942 _cBK
654 _aMathematics
245 _aInt. Probability Theory
260 _bWiley eastern
_aNew Delhi
_c1966
082 _a519.2
_bFEL
300 _a626
546 _aENGLISH
999 _c21138
_d21138